[Event "FIDE GP"]
[Site "Moscow"]
[Date "2002.06.03"]
[Round "3.2"]
[White "Akopian, Vladimir"]
[Black "Sutovsky, Emil"]
[Result "1-0"]
[WhiteElo "2678"]
[BlackElo "2660"]
[Annotator "Psakhis"]
[PlyCount "61"]
[EventDate "2002.06.01"]
[EventType "k.o. (rapid)"]
[EventRounds "5"]
[EventCountry "RUS"]
[Source "ChessBase"]
[SourceDate "2002.09.20"]

1. e4 c5 2. Nf3 d6 3. c3 {According to all accounts this modest move gives
nothing for white, but Akopian has another opinion- he won 5(!) games in
Moscow in this line.} Nf6 4. Bd3 Nc6 5. Bc2 Bg4 6. d3 g6 ({
Another popular line is connected with} 6... e6 {with possible contination} 7.
Nbd2 Be7 8. h3 Bh5 9. O-O d5 $13) 7. Nbd2 Bg7 8. h3 Bd7 9. O-O O-O 10. Re1 b5 (
{Later in same day Emil choose} 10... Nh5 {but, unfortunately with same result}
11. Nf1 e5 12. Bg5 Qb6 13. Bb3 Na5 14. Bd5 h6 15. b4 cxb4 16. Be3 Qd8 17. cxb4
Nc6 18. Qd2 Nf4 19. Bxf4 exf4 20. d4 $14 {
1-0 Akopian,V-Sutovsky,E/FIDE GP Moscow 2002/The Week in Chess 395 (29)}) 11.
d4 cxd4 12. cxd4 {White managed to build strong pawn center  and at least it's
possible to say that it's easy to play with white pieces.} Nh5 $146 (12... Qb6
13. Nf1 Nb4 14. Bb3 Rac8 15. a3 Nc6 16. Qd3 Na5 17. Ba2 e6 18. Ne3 Nh5 19. Ng4
Rc7 $14 {
0-1 Shariatpanahi,H-Aghamohammadi,M/IRI-ch Smithtown 2000/Iranbase (23)}) (
12... Rc8 $5) 13. d5 Nb4 14. Bb1 a5 (14... Rc8 15. Nb3 $14) 15. a3 (15. Nb3 $5)
15... Na6 16. Nb3 a4 17. Nbd4 Nf6 (17... Nc5 $5 18. Ba2 (18. e5 $5 Qc7 $13)
18... Nf6 $140 19. e5) 18. Ba2 b4 19. Bc4 Qc8 (19... Qc7 20. Qe2) 20. Qe2 ({
Akopian could win pawn already, but he pretend for more!} 20. Bxa6 Qxa6 21.
axb4 $14) 20... Qb7 21. e5 {White has all the trumbs in one's hand now!} dxe5 (
21... Nxd5 22. e6 Be8 23. exf7+ Bxf7 24. Ne6 $1) 22. Nxe5 Nxd5 $6 {
Lose almost by force, but and after best} (22... Nc7 23. Nxd7 Nxd7 24. Nc6 {
white's advantage is clear}) 23. Bxa6 Rxa6 (23... Qxa6 24. Nxd7 Bxd4 25. Nxf8
Qxe2 (25... Kxf8 26. Bh6+ Bg7 27. Qe5 $18) 26. Rxe2 Kxf8 27. Bh6+ Kg8 28. axb4
$16) 24. Nxd7 Qxd7 (24... Bxd4 25. Nxf8 Rf6 (25... Kxf8 26. Rd1 $1 $18) 26. Rf1
Kxf8 27. Bh6+ Kg8 28. Rad1 Nf4 29. Qg4 $18) 25. Qxa6 Bxd4 26. axb4 Nxb4 (26...
Qf5 27. Re2 Nxb4 28. Qc4 Bc5 29. Bh6 $16) 27. Qxa4 Qd6 ({
maybe it was already correct time for moves like} 27... Bxf2+ 28. Kxf2 Nd3+ {
nevertheless that White wins quite easy -} 29. Ke2 Qd5 30. Rg1 $18) 28. Be3 $1
$18 Bxb2 $6 29. Rad1 Qb8 (29... Qf6 30. Qxb4 Bc3 31. Qc5 Bxe1 32. Rxe1 $18) 30.
Bd4 (30. Bc5 $5) 30... Bxd4 31. Rxd4 {Knight is trapped and game is over.} 1-0

[Event "FIDE GP"]
[Site "Moscow"]
[Date "2002.06.03"]
[Round "3.4"]
[White "Akopian, Vladimir"]
[Black "Sutovsky, Emil"]
[Result "1-0"]
[WhiteElo "2678"]
[BlackElo "2660"]
[PlyCount "57"]
[EventDate "2002.06.01"]
[EventType "k.o. (rapid)"]
[EventRounds "5"]
[EventCountry "RUS"]
[Source "ChessBase"]
[SourceDate "2002.09.20"]

1. e4 c5 2. Nf3 d6 3. c3 Nf6 4. Bd3 Nc6 5. Bc2 Bg4 6. d3 g6 7. Nbd2 Bg7 8. h3
Bd7 9. O-O O-O 10. Re1 Nh5 11. Nf1 e5 12. Bg5 Qb6 13. Bb3 Na5 14. Bd5 h6 15. b4
cxb4 16. Be3 Qd8 17. cxb4 Nc6 18. Qd2 Nf4 19. Bxf4 exf4 20. d4 Qb6 21. Rad1
Qxb4 22. Qxf4 Kh7 23. Rb1 Qa5 24. Rxb7 Nxd4 25. Rxd7 Qxe1 26. Nxd4 Rab8 27. Nf3
Qe2 28. Rxf7 Rb2 29. Nd4 1-0

[Event "New York Masters 24th"]
[Site "New York"]
[Date "2002.09.10"]
[Round "4"]
[White "Stripunsky, Alexander"]
[Black "Yudasin, Leonid"]
[Result "1/2-1/2"]
[WhiteElo "2629"]
[BlackElo "2696"]
[PlyCount "38"]
[EventDate "2002.09.10"]
[EventType "swiss (rapid)"]
[EventRounds "4"]
[EventCountry "USA"]
[Source "ChessBase"]
[SourceDate "2002.11.25"]

1. e4 c5 2. Nf3 d6 3. c3 Nf6 4. Be2 Nbd7 5. d3 b6 6. Nbd2 Bb7 7. O-O e5 8. a4
Be7 9. Nc4 O-O 10. b4 Re8 11. Qb3 Bf8 12. Ne3 h6 13. Re1 cxb4 14. cxb4 a5 15.
Bd2 axb4 16. Bxb4 Nc5 17. Bxc5 dxc5 18. Nc4 Nd7 19. Reb1 Re6 1/2-1/2

[Event "Bled ol (Men)"]
[Site "Bled"]
[Date "2002.10.27"]
[Round "2"]
[White "Akopian, Vladimir"]
[Black "Stefansson, Hannes"]
[Result "1/2-1/2"]
[WhiteElo "2689"]
[BlackElo "2566"]
[PlyCount "104"]
[EventDate "2002.10.26"]
[EventType "team"]
[EventRounds "14"]
[EventCountry "SLO"]
[Source "ChessBase"]
[SourceDate "2002.11.25"]

1. e4 c5 2. Nf3 d6 3. c3 Nf6 4. Bd3 g6 5. O-O Bg7 6. Bc2 Nc6 7. h3 O-O 8. Re1
e5 9. d4 cxd4 10. cxd4 exd4 11. Nxd4 Nxd4 12. Qxd4 Re8 13. Qd1 d5 14. e5 Ne4
15. Bxe4 dxe4 16. Qxd8 Rxd8 17. Bf4 Bd7 18. Rxe4 Bc6 19. Re1 Rd4 20. Bg3 Re8
21. Nc3 Rd2 22. b3 f6 23. exf6 Rxe1+ 24. Rxe1 Bxf6 25. Be5 Bd8 26. Rd1 Rxd1+
27. Nxd1 a5 28. f3 a4 29. bxa4 Bxa4 30. Nc3 Bc6 31. Kf2 b5 32. Bd6 Kf7 33. Ke3
Bf6 34. Ne4 Bd5 35. a3 h5 36. Bb4 Ke6 37. Nc5+ Kf7 38. g4 hxg4 39. hxg4 Bg5+
40. f4 Bf6 41. Ne4 Ke6 42. Nd6 Bc6 43. f5+ gxf5 44. Nxf5 Bg5+ 45. Kd3 Bg2 46.
Ke2 Bd5 47. Nd4+ Kf6 48. Kd3 Bg2 49. Bd2 Bxd2 50. Kxd2 Bh3 51. Nxb5 Bxg4 52. a4
Ke7 1/2-1/2

[Event "EU-ch 4th"]
[Site "Istanbul"]
[Date "2003.06.13"]
[Round "13"]
[White "Sulskis, Sarunas"]
[Black "Georgiev, Kiril"]
[Result "1/2-1/2"]
[WhiteElo "2578"]
[BlackElo "2647"]
[PlyCount "64"]
[EventDate "2003.05.30"]
[EventType "swiss"]
[EventRounds "13"]
[EventCountry "TUR"]
[Source "ChessBase"]
[SourceDate "2003.09.25"]

1. e4 c5 2. Nf3 d6 3. c3 Nf6 4. Bd3 Nc6 5. Bc2 Bg4 6. h3 Bh5 7. d3 e6 8. Nbd2
Be7 9. Nf1 d5 10. Ng3 Bg6 11. O-O h6 12. Bf4 O-O 13. Ne5 Nxe5 14. Bxe5 Nd7 15.
Bf4 Qb6 16. exd5 exd5 17. Bb3 Nf6 18. Re1 Bd6 19. Bxd6 Qxd6 20. d4 c4 21. Bc2
Rae8 22. Bxg6 fxg6 23. Qc2 Kf7 24. b3 Qc7 25. Nf1 Rxe1 26. Rxe1 Rc8 27. Re3
cxb3 28. axb3 Re8 29. Rxe8 Nxe8 30. Ne3 Nf6 31. c4 a6 32. Qe2 Qd6 1/2-1/2

[Event "Bundesliga 0304"]
[Site "Germany"]
[Date "2004.03.07"]
[Round "11.1"]
[White "Glek, Igor V"]
[Black "Ftacnik, Lubomir"]
[Result "1/2-1/2"]
[WhiteElo "2555"]
[BlackElo "2585"]
[PlyCount "50"]
[EventDate "2003.11.01"]
[EventType "team"]
[EventRounds "15"]
[EventCountry "GER"]
[Source "ChessBase"]
[SourceDate "2004.06.01"]

1. e4 c5 2. Nf3 d6 3. c3 Nf6 4. Be2 Nbd7 5. d3 b6 6. O-O Bb7 7. Nbd2 g6 8. d4
cxd4 9. cxd4 Bg7 10. Bd3 O-O 11. Re1 e5 12. d5 Nc5 13. Bc2 a5 14. a4 Bh6 15.
Nb3 Bxc1 16. Nxc5 bxc5 17. Rxc1 Ba6 18. Bd3 Bxd3 19. Qxd3 Rb8 20. b3 Rb4 21.
Rc4 Qb6 22. Nd2 Rb8 23. Re3 Nd7 24. h3 Qc7 25. Qc2 R4b7 1/2-1/2

[Event "RUS-chT rapid"]
[Site "Sochi"]
[Date "2004.04.??"]
[Round "6"]
[White "Rublevsky, Sergei"]
[Black "Volokitin, Andrei"]
[Result "1/2-1/2"]
[WhiteElo "2655"]
[BlackElo "2594"]
[PlyCount "114"]
[EventDate "2004.04.??"]
[EventType "team (rapid)"]
[EventRounds "9"]
[EventCountry "RUS"]

1. e4 c5 2. Nf3 d6 3. c3 Nf6 4. Be2 Bd7 5. d3 Bc6 6. Nbd2 Nbd7 7. O-O g6 8. Re1
Bg7 9. Bf1 Ne5 10. d4 Nxf3+ 11. Qxf3 cxd4 12. cxd4 O-O 13. d5 Bd7 14. Nc4 Rc8
15. a4 Ng4 16. h3 Ne5 17. Nxe5 Bxe5 18. Qb3 Qb6 19. Qxb6 axb6 20. Be3 Bxb2 21.
Ra2 Bc3 22. Rb1 Ra8 23. Rxb6 Rxa4 24. Rc2 Bd4 25. Rxb7 Bxe3 26. fxe3 Rd8 27.
Rcc7 Be8 28. Rxe7 Raa8 29. Kf2 Rdb8 30. h4 h5 31. g3 Kg7 32. Bc4 Kf6 33. Kf3
Rxb7 34. Rxb7 Ra1 35. Kf4 Rc1 36. Rb4 Rc2 37. e5+ dxe5+ 38. Ke4 Bd7 39. Rb6+
Ke7 40. Bb3 Rc3 41. Kxe5 Rxe3+ 42. Kf4 Rd3 43. d6+ Kf6 44. Bc2 Rd4+ 45. Ke3 Ke5
46. Ra6 Rxd6 47. Rxd6 Kxd6 48. Kf4 Ke6 49. Bb3+ Kf6 50. Bc2 Be6 51. Bd3 Kg7 52.
Kg5 f6+ 53. Kf4 Kh6 54. Bc2 g5+ 55. Ke3 f5 56. Bd1 Bd5 57. Kf2 Be4 1/2-1/2

[Event "ACP Blitz Prelim2"]
[Site "playchess.com INT"]
[Date "2004.04.13"]
[Round "11"]
[White "Ghaem Maghami, E."]
[Black "Kharlov, A."]
[Result "0-1"]
[WhiteElo "2558"]
[BlackElo "2593"]
[PlyCount "144"]
[EventDate "2004.04.13"]
[EventType "tourn (blitz)"]
[EventRounds "17"]
[EventCountry "GER"]
[EventCategory "12"]
[Source "Mark Crowther"]
[SourceDate "2004.04.19"]

1. e4 c5 2. Nf3 d6 3. c3 Nf6 4. Bd3 Bg4 5. Bc2 e6 6. O-O Nc6 7. d3 Be7 8. Nbd2
Nd7 9. h3 Bh5 10. Re1 O-O 11. a4 a6 12. Nf1 d5 13. exd5 exd5 14. Ng3 Bg6 15.
Bb3 Nb6 16. a5 c4 17. Bc2 cxd3 18. Bxd3 Nc4 19. Nf5 Bxf5 20. Bxf5 N6xa5 21. Bc2
Nc6 22. Qd3 g6 23. b3 Nb6 24. Bf4 Bf6 25. Rad1 Rc8 26. Bh6 Bg7 27. Bxg7 Kxg7
28. Rd2 Kg8 29. Rde2 Qf6 30. Qe3 Nd7 31. Rd1 Ncb8 32. Rd4 Qc6 33. c4 dxc4 34.
Be4 Qb6 35. Bxb7 Qxb7 36. Qh6 cxb3 37. Rb2 Nf6 38. Qe3 Nc6 39. Rd6 Rfe8 40.
Rxb3 Rxe3 41. Rxb7 Re6 42. Rd1 h6 43. Rc1 Ra8 44. Rb6 Ne7 45. Rb7 Nf5 46. g4
Nd6 47. Rb6 Nde4 48. Rb7 a5 49. Nd4 Rd6 50. Nb5 Rd7 51. Rb6 Nd5 52. Rbc6 a4 53.
Rc8+ Rd8 54. Rxd8+ Rxd8 55. Rc4 Ra8 56. Rxe4 a3 57. Nxa3 Rxa3 58. Rd4 Nf6 59.
Kg2 Kg7 60. h4 h5 61. gxh5 Nxh5 62. f3 f5 63. Rb4 Kh6 64. Rc4 Ra2+ 65. Kh3 Rf2
66. Rc3 f4 67. Kg4 Rg2+ 68. Kh3 Rg3+ 69. Kh2 Nf6 70. Ra3 Nh5 71. Rb3 Ng7 72.
Ra3 Nf5 0-1

[Event "ACP Blitz Prelim4"]
[Site "playchess.com INT"]
[Date "2004.04.15"]
[Round "14"]
[White "Svidler, P."]
[Black "Shipov, S."]
[Result "0-1"]
[WhiteElo "2733"]
[BlackElo "2593"]
[PlyCount "44"]
[EventDate "2004.04.15"]
[EventType "tourn (blitz)"]
[EventRounds "17"]
[EventCountry "GER"]
[EventCategory "12"]
[Source "Mark Crowther"]
[SourceDate "2004.04.19"]

1. e4 c5 2. Nf3 d6 3. c3 Nf6 4. Be2 Bg4 5. O-O e6 6. h3 Bh5 7. d3 Nc6 8. Nbd2
d5 9. Qa4 a6 10. Re1 b5 11. Qc2 Be7 12. Nf1 O-O 13. Ng3 Bg6 14. Nh4 Qc7 15. Bf1
Bd6 16. Nxg6 fxg6 17. Qe2 d4 18. Bd2 Bxg3 19. fxg3 Qxg3 20. Rac1 Nh5 21. e5 Nf4
22. Bxf4 Rxf4 0-1

[Event "New York Masters 123rd"]
[Site "New York"]
[Date "2004.10.26"]
[Round "4"]
[White "Stripunsky, Alexander"]
[Black "Wojtkiewicz, Aleksander"]
[Result "1/2-1/2"]
[WhiteElo "2553"]
[BlackElo "2551"]
[PlyCount "57"]
[EventDate "2004.10.26"]
[EventType "swiss (rapid)"]
[EventRounds "4"]
[EventCountry "USA"]

1. e4 c5 2. Nf3 d6 3. c3 Nf6 4. Be2 Bg4 5. O-O e6 6. Ng5 Bxe2 7. Qxe2 Be7 8. d3
Nc6 9. f4 O-O 10. Nf3 b5 11. Kh1 Rc8 12. Be3 d5 13. e5 Nd7 14. Nbd2 f6 15. exf6
Bxf6 16. d4 cxd4 17. Bxd4 Qe7 18. Bxf6 Rxf6 19. Rae1 a6 20. Nb3 Rxf4 21. Qxe6+
Qxe6 22. Rxe6 Nde5 23. Nbd4 Nxd4 24. Rxe5 Nxf3 25. Rxf3 Rxf3 26. gxf3 b4 27.
Rxd5 bxc3 28. bxc3 Rxc3 29. Ra5 1/2-1/2

[Event "Millennium Open, Virginia Beach USA"]
[Site "Virginia"]
[Date "2005.??.??"]
[Round "4"]
[White "Ibragimov, I."]
[Black "Ehlvest, J."]
[Result "0-1"]
[WhiteElo "2600"]
[BlackElo "2620"]
[PlyCount "82"]
[EventDate "2005.??.??"]
[EventType "schev"]
[EventRounds "5"]
[EventCountry "USA"]
[SourceDate "2000.01.01"]

1. e4 c5 2. Nf3 d6 3. c3 Nf6 4. Bd3 Nc6 5. Bc2 Bg4 6. h3 Bxf3 7. Qxf3 g6 8. Ba4
Rc8 9. d4 cxd4 10. cxd4 d5 11. e5 Qa5+ 12. Nc3 Ne4 13. O-O Nxc3 14. Bxc6+ Rxc6
15. Bd2 e6 16. bxc3 Be7 17. Rfb1 Qc7 18. Bh6 Bf8 19. Qf6 Rg8 20. Bd2 Be7 21.
Qf3 Kf8 22. Bh6+ Ke8 23. Qd3 Kd7 24. Qf3 Ke8 25. Bd2 Kf8 26. h4 h5 27. Bh6+ Ke8
28. g3 Rh8 29. Bd2 Kf8 30. Rb3 Kg7 31. Rab1 Rb8 32. Kg2 Ra6 33. g4 Rxa2 34. Be3
hxg4 35. Qxg4 Kf8 36. h5 gxh5 37. Bh6+ Ke8 38. Qg8+ Kd7 39. Qxf7 b6 40. c4 Qxc4
41. Rg3 Qxd4 0-1

[Event "Moscow Superblitz"]
[Site "Moscow"]
[Date "2006.01.05"]
[Round "21"]
[White "Svidler, Peter"]
[Black "Grischuk, Alexander"]
[Result "1/2-1/2"]
[WhiteElo "2765"]
[BlackElo "2717"]
[PlyCount "100"]
[EventDate "2006.01.05"]
[EventType "tourn (blitz)"]
[EventRounds "22"]
[EventCountry "RUS"]
[EventCategory "17"]
[Source "ChessBase"]
[SourceDate "2006.11.23"]

1. e4 c5 2. Nf3 d6 3. c3 Nf6 4. Bd3 Bg4 5. h3 Bh5 6. Bc2 Nc6 7. d3 e6 8. Nbd2
d5 9. Qe2 Be7 10. Nf1 O-O 11. Ng3 Bg6 12. O-O Qc7 13. Nh2 b5 14. f4 c4 15. d4
dxe4 16. Nxe4 Rad8 17. Nf3 Nxe4 18. Bxe4 Bxe4 19. Qxe4 Rd5 20. Ng5 Bxg5 21.
fxg5 Qd7 22. Bf4 a5 23. a4 b4 24. Qe2 Rc8 25. h4 Ne7 26. Rf3 Rf5 27. g4 Rd5 28.
Raf1 bxc3 29. bxc3 Qxa4 30. Be5 Rf8 31. h5 Nc6 32. Bxg7 Kxg7 33. h6+ Kg8 34.
Qxe6 Nxd4 35. cxd4 Qd7 36. Qf6 Qxg4+ 37. Kf2 Qxd4+ 38. Qxd4 Rxd4 39. Rf5 a4 40.
Ra1 c3 41. Rc5 f6 42. Ke3 Rd6 43. gxf6 Rdxf6 44. Rxa4 Rxh6 45. Rg4+ Kh8 46.
Rxc3 Rh3+ 47. Kd2 Rd8+ 48. Kc2 Rxc3+ 49. Kxc3 h6 50. Rd4 Ra8 1/2-1/2